000 00377nam a2200157Ia 4500
003 0STCL
008 150530s9999 xx 000 0 und d
040 _aSTCL
_cSTCL
100 _aBabu,C.J.
245 _aThermal Physics Statistical Mechanics and Solid State Physics
260 _c2002
546 _aEnglish
942 _2ddc
_cBK
999 _c28726
_d28726
005 20220125170135.0